Financial Accounting (Record no. 610444)

000 -LEADER
fixed length control field 00423nam a22001577a 4500
020 ## - INTERNATIONAL STANDARD BOOK NUMBER
International Standard Book Number 0072884673
040 ## - CATALOGING SOURCE
Transcribing agency NUST
082 ## - DEWEY DECIMAL CLASSIFICATION NUMBER
Classification number 657
Author Mark FIN
100 ## - MAIN ENTRY--PERSONAL NAME
Personal name Jan R. Williams, Susan F. Haka
9 (RLIN) 124636
110 ## - MAIN ENTRY--CORPORATE NAME
Corporate name or jurisdiction name as entry element Mark S. bettner, Joseph V. Carcello
9 (RLIN) 124637
245 ## - TITLE STATEMENT
Title Financial Accounting
250 ## - EDITION STATEMENT
Edition statement 12 Edition
260 ## - PUBLICATION, DISTRIBUTION, ETC.
Place of publication, distribution, etc. New York:
Name of publisher, distributor, etc. McGraw Hill Irwin,
Date of publication, distribution, etc. 2006.
650 ## - SUBJECT ADDED ENTRY--TOPICAL TERM
Source of heading or term Financial Accounting
942 ## - ADDED ENTRY ELEMENTS (KOHA)
Source of classification or shelving scheme
Koha item type Book
Holdings
Withdrawn status Lost status Source of classification or shelving scheme Damaged status Not for loan Permanent Location Current Location Shelving location Date acquired Total Checkouts Full call number Barcode Date last seen Price effective from Koha item type
          College of Electrical & Mechanical Engineering (CEME) College of Electrical & Mechanical Engineering (CEME) General Stacks 07/20/2024   657 FIN CEME- 43818 07/20/2024 07/20/2024 Book
© 2023 Central Library, National University of Sciences and Technology. All Rights Reserved.